[Event "Olympiada sub-16 2014"]
[Site "Gyor HUN"]
[Date "2014.12.13"]
[Round "1.2"]
[White "Kwon, Sehyun"]
[Black "Pulpan, Jakub"]
[Result "0-1"]
[WhiteElo "1947"]
[BlackElo "2264"]
[PlyCount "44"]
[EventDate "2014.12.13"]
[EventType "team-swiss"]
[EventRounds "10"]
[EventCountry "HUN"]
[Source "lmi"]
[SourceDate "2014.12.15"]
[WhiteTeam "South Korea 1"]
[BlackTeam "Czech Republic"]
[BlackTeamCountry "CZE"]

1. e4 c5 2. Nf3 d6 3. Bb5+ Nd7 4. O-O Ngf6 5. Re1 a6 6. Bxd7+ Bxd7 7. c3 e5 8.
d4 Qc7 9. dxe5 dxe5 10. Bg5 O-O-O 11. Qc2 c4 12. Nbd2 h6 13. Bxf6 gxf6 14. Nf1
Bc5 15. Ng3 Rdg8 16. Nh4 Rg4 17. Nhf5 h5 18. Qe2 Rhg8 19. Nxh5 Rxg2+ 20. Kh1
Bxf5 21. exf5 Qc6 22. Qe4 Rg1+ 0-1

[Event "Olympiada sub-16 2014"]
[Site "Gyor HUN"]
[Date "2014.12.13"]
[Round "1.4"]
[White "Vangsgaard, Freja"]
[Black "De Bruyn, Aleida"]
[Result "1/2-1/2"]
[WhiteElo "1801"]
[BlackElo "1607"]
[PlyCount "72"]
[EventDate "2014.12.13"]
[EventType "team-swiss"]
[EventRounds "10"]
[EventCountry "HUN"]
[Source "lmi"]
[SourceDate "2014.12.15"]
[WhiteTeam "Denmark"]
[BlackTeam "South Africa (Girls)"]
[WhiteTeamCountry "DEN"]

1. d4 Nf6 2. c4 e6 3. Nc3 Bb4 4. e3 c5 5. Nge2 d5 6. a3 Bxc3+ 7. Nxc3 cxd4 8.
exd4 dxc4 9. Bxc4 O-O 10. O-O a6 11. Be3 Qc7 12. Bd3 b5 13. Ne4 Nd5 14. Qh5 f5
15. Ng5 h6 16. Nh3 Nc6 17. g3 Qd7 18. Rad1 Bb7 19. Bb1 Nf6 20. Qe2 Ng4 21. Ba2
Nd8 22. f3 Nxe3 23. Qxe3 Bd5 24. Bxd5 exd5 25. Rfe1 Rc8 26. Rd2 Nc6 27. Qe6+
Qxe6 28. Rxe6 Rfe8 29. Rd6 Red8 30. Rxd8+ Rxd8 31. Nf4 Kf7 32. Kf2 g5 33. Ne2
Re8 34. Rc2 Re6 35. Rc5 Rd6 36. Ke3 Ke6 1/2-1/2

[Event "Olympiada sub-16 2014"]
[Site "Gyor HUN"]
[Date "2014.12.14"]
[Round "2.3"]
[White "Abdusattorova, Bakhora"]
[Black "Kourkoulos-Arditis, Stamatis"]
[Result "0-1"]
[WhiteElo "2216"]
[BlackElo "2294"]
[PlyCount "84"]
[EventDate "2014.12.13"]
[EventType "team-swiss"]
[EventRounds "10"]
[EventCountry "HUN"]
[Source "lmi"]
[SourceDate "2014.12.15"]
[WhiteTeam "Uzbekistan"]
[BlackTeam "Greece"]
[WhiteTeamCountry "UZB"]
[BlackTeamCountry "GRE"]

1. d4 Nf6 2. c4 e6 3. Nc3 Bb4 4. e3 O-O 5. Nge2 c6 6. a3 Ba5 7. Ng3 d5 8. Bd3
Nbd7 9. O-O dxc4 10. Bxc4 e5 11. b4 Bc7 12. Nce2 Nb6 13. Bb3 e4 14. f3 exf3 15.
gxf3 h5 16. Rf2 h4 17. Nf1 Nh7 18. Kh1 Ng5 19. Ng1 a5 20. bxa5 Rxa5 21. Bd2 Ra8
22. Bc1 Qf6 23. Raa2 Rd8 24. Rad2 Bd6 25. Ra2 Qe7 26. Qd3 Ra5 27. Bc2 Be6 28.
Ra1 c5 29. Qc3 Rda8 30. dxc5 Rxc5 31. Qe1 Rac8 32. Bd3 Rc3 33. Qd1 Bb3 34. Qd2
Na4 35. e4 Ne6 36. Ne2 R3c7 37. Rb1 Bc2 38. Bxc2 Rxc2 39. Qe1 Nec5 40. Qd1 Nxe4
41. fxe4 Qxe4+ 42. Rg2 h3 0-1

[Event "Olympiada sub-16 2014"]
[Site "Gyor HUN"]
[Date "2014.12.14"]
[Round "2.4"]
[White "Badelka, Olga"]
[Black "Monnisha, Gk"]
[Result "1-0"]
[WhiteElo "1996"]
[BlackElo "2110"]
[PlyCount "95"]
[EventDate "2014.12.13"]
[EventType "team-swiss"]
[EventRounds "10"]
[EventCountry "HUN"]
[Source "lmi"]
[SourceDate "2014.12.15"]
[WhiteTeam "Belarus"]
[BlackTeam "India"]
[WhiteTeamCountry "BLR"]
[BlackTeamCountry "IND"]

1. d4 Nf6 2. c4 e6 3. Nc3 Bb4 4. e3 O-O 5. Nge2 d5 6. a3 Be7 7. cxd5 exd5 8.
Nf4 a5 9. g3 c6 10. Bg2 Na6 11. O-O Re8 12. f3 Nc7 13. e4 Ne6 14. e5 Nd7 15.
Nxe6 fxe6 16. f4 Nf8 17. Be3 b5 18. g4 Bd7 19. f5 Bg5 20. Qd2 Bxe3+ 21. Qxe3
Qh4 22. f6 gxf6 23. Rxf6 Ng6 24. h3 Rf8 25. Raf1 Rxf6 26. exf6 Kf7 27. Ne2 Re8
28. Nf4 Qg5 29. Nxd5 Qxe3+ 30. Nxe3 h6 31. Kh2 Rd8 32. Kg3 Be8 33. Nc2 e5 34.
dxe5 Nxe5 35. Be4 Rd6 36. h4 Rxf6 37. Bf5 Kg7 38. Re1 Rxf5 39. gxf5 Kf6 40. Ne3
h5 41. Rd1 Ke7 42. Kf4 Nf7 43. Re1 Kf8 44. f6 Bd7 45. Nf5 c5 46. Re7 Bc6 47.
Rc7 Be8 48. Rc8 1-0

[Event "Olympiada sub-16 2014"]
[Site "Gyor HUN"]
[Date "2014.12.14"]
[Round "2.3"]
[White "Djordjevic, Vuk"]
[Black "Kosakowski, Jakub"]
[Result "0-1"]
[WhiteElo "2291"]
[BlackElo "2106"]
[PlyCount "82"]
[EventDate "2014.12.13"]
[EventType "team-swiss"]
[EventRounds "10"]
[EventCountry "HUN"]
[Source "lmi"]
[SourceDate "2014.12.15"]
[WhiteTeam "Serbia"]
[BlackTeam "Poland 2"]
[WhiteTeamCountry "SRB"]

1. e4 c5 2. Nf3 d6 3. Bb5+ Bd7 4. Bxd7+ Qxd7 5. O-O g6 6. c3 Bg7 7. d4 Nf6 8.
Qe2 O-O 9. Rd1 cxd4 10. cxd4 Na6 11. Nc3 Nc7 12. b3 Rfc8 13. Bb2 b5 14. d5 b4
15. Na4 Qg4 16. Rd4 Nh5 17. Rc4 Nf4 18. Qf1 Bxb2 19. Nxb2 Nb5 20. Re1 Nc3 21.
Re3 Rxc4 22. Nxc4 Nd1 23. Kh1 Nxe3 24. Nxe3 Qd7 25. Nd4 a5 26. Nc4 Qb7 27. Qd1
Nh5 28. Nc6 Nf6 29. Qc2 Qc7 30. Ne3 Kf8 31. g4 h6 32. f4 Qb6 33. Qd3 Qc5 34. g5
hxg5 35. fxg5 Qc1+ 36. Kg2 Qb2+ 37. Nc2 Ng4 38. N6d4 Rc8 39. Kg1 Qc1+ 40. Kg2
Rc3 41. Qe2 Rxc2 0-1

[Event "Olympiada sub-16 2014"]
[Site "Gyor HUN"]
[Date "2014.12.14"]
[Round "2.2"]
[White "Czupor, Attila"]
[Black "Roos, Lucas"]
[Result "1-0"]
[WhiteElo "2107"]
[BlackElo "1732"]
[PlyCount "47"]
[EventDate "2014.12.13"]
[EventType "team-swiss"]
[EventRounds "10"]
[EventCountry "HUN"]
[Source "lmi"]
[SourceDate "2014.12.15"]
[WhiteTeam "Transdanubium West 2"]
[BlackTeam "South Africa 1"]

1. e4 e6 2. d4 d5 3. Nc3 Nf6 4. exd5 exd5 5. Bg5 Bb4 6. Qe2+ Qe7 7. Bxf6 gxf6
8. Qxe7+ Kxe7 9. Nge2 Bf5 10. O-O-O c6 11. Ng3 Bg6 12. Re1+ Kd7 13. Re3 Na6 14.
Bxa6 bxa6 15. Na4 f5 16. Rf3 Rhe8 17. Nxf5 Re2 18. a3 Bd2+ 19. Kd1 Rae8 20. Ng3
R2e4 21. Nc5+ Kd6 22. Ngxe4+ dxe4 23. Rf6+ Ke7 24. Rxg6 1-0

[Event "Olympiada sub-16 2014"]
[Site "Gyor HUN"]
[Date "2014.12.14"]
[Round "2.1"]
[White "Conradie, Andre"]
[Black "Shi, Diwen"]
[Result "1-0"]
[WhiteElo "1760"]
[BlackElo "2147"]
[PlyCount "83"]
[EventDate "2014.12.13"]
[EventType "team-swiss"]
[EventRounds "10"]
[EventCountry "HUN"]
[Source "lmi"]
[SourceDate "2014.12.15"]
[WhiteTeam "South Africa 2"]
[BlackTeam "Canada 3"]

1. e4 c5 2. Nc3 Nc6 3. g3 g6 4. d3 Bg7 5. Bg2 d6 6. Nge2 Nf6 7. O-O O-O 8. h3
Rb8 9. Be3 b5 10. Qd2 Qb6 11. g4 b4 12. Nd1 Nd4 13. Ng3 e6 14. Kh1 d5 15. e5
Nd7 16. f4 Nc6 17. g5 Bb7 18. Bg1 Ncxe5 19. fxe5 Bxe5 20. Bh2 Qc7 21. Qe1 Rbe8
22. Rg1 f6 23. gxf6 Nxf6 24. Nf1 Bxh2 25. Nxh2 Nh5 26. Nf1 Rf6 27. Nde3 Ref8
28. Ng4 Rf4 29. Qxe6+ R8f7 30. Nh6+ Kg7 31. Nxf7 Rxf7 32. Re1 Nf4 33. Qe5+ Qxe5
34. Rxe5 Nxg2 35. Kxg2 d4+ 36. Re4 Rf4 37. Ng3 c4 38. Rge1 a5 39. Kg1 Bxe4 40.
Rxe4 Rf3 41. Kg2 cxd3 42. Kxf3 1-0

[Event "Olympiada sub-16 2014"]
[Site "Gyor HUN"]
[Date "2014.12.14"]
[Round "2.2"]
[White "Song, Guannan Terry"]
[Black "Kolver, Chris"]
[Result "1/2-1/2"]
[WhiteElo "2004"]
[BlackElo "1806"]
[PlyCount "81"]
[EventDate "2014.12.13"]
[EventType "team-swiss"]
[EventRounds "10"]
[EventCountry "HUN"]
[Source "lmi"]
[SourceDate "2014.12.15"]
[WhiteTeam "Canada 3"]
[BlackTeam "South Africa 2"]

1. e4 c5 2. Nc3 Nc6 3. f4 e6 4. Nf3 d5 5. Bb5 Nge7 6. exd5 exd5 7. Qe2 Be6 8.
d4 c4 9. O-O Qd6 10. Bxc6+ bxc6 11. b3 cxb3 12. axb3 g6 13. Ba3 Qxf4 14. Bc5
Nf5 15. Qa6 Qc7 16. Bxf8 Kxf8 17. Rae1 Kg7 18. Qd3 Rhe8 19. Na4 Nd6 20. Ng5 Bf5
21. Qg3 Rxe1 22. Rxe1 Re8 23. Re5 Rxe5 24. Qxe5+ f6 25. Ne6+ Bxe6 26. Qxe6 Ne4
27. c4 Qf4 28. h3 Qf2+ 29. Kh2 Qg3+ 30. Kg1 Qxb3 31. cxd5 Qxd5 32. Qe7+ Kh6 33.
Qxa7 Qa2 34. Qc7 Qxa4 35. Qf4+ Ng5 36. h4 Qd1+ 37. Kf2 Qc2+ 38. Kg1 Qf5 39.
hxg5+ Qxg5 40. Qh2+ Qh5 41. Qf4+ 1/2-1/2

[Event "Olympiada sub-16 2014"]
[Site "Gyor HUN"]
[Date "2014.12.14"]
[Round "3.4"]
[White "Muha, Miljenko"]
[Black "Ghvamberia, Nika"]
[Result "0-1"]
[WhiteElo "2105"]
[BlackElo "2122"]
[PlyCount "121"]
[EventDate "2014.12.13"]
[EventType "team-swiss"]
[EventRounds "10"]
[EventCountry "HUN"]
[Source "lmi"]
[SourceDate "2014.12.15"]
[WhiteTeam "Croatia"]
[BlackTeam "Georgia"]
[WhiteTeamCountry "CRO"]
[BlackTeamCountry "GEO"]

1. d4 Nf6 2. c4 e6 3. Nc3 Bb4 4. e3 c5 5. Nge2 cxd4 6. exd4 d5 7. a3 Be7 8. Nf4
dxc4 9. Bxc4 O-O 10. O-O Nc6 11. Be3 b6 12. Rc1 Bb7 13. Qd2 Rc8 14. Nxe6 fxe6
15. Bxe6+ Kh8 16. Bxc8 Bxc8 17. Rfd1 Nd5 18. Qe2 Bb7 19. Qh5 Na5 20. Nxd5 Bxd5
21. Rc3 Qd7 22. Rdc1 Nc6 23. b4 a6 24. h3 Bf6 25. Rd3 Kg8 26. Qg4 Qxg4 27. hxg4
Re8 28. g5 Bd8 29. Rdc3 Re6 30. Rb1 b5 31. Rc5 Ne7 32. Rd1 Bb6 33. Rcc1 Kf7 34.
Re1 Nf5 35. Rcd1 Re4 36. Bc1 Rxe1+ 37. Rxe1 Nxd4 38. Re5 Bc4 39. Be3 Ne2+ 40.
Kh1 Bxe3 41. Rxe3 Nd4 42. f4 Nc2 43. Rc3 Ne1 44. Re3 Nd3 45. g3 Nb2 46. Kg1 Be6
47. Kg2 Nc4 48. Rc3 Bg4 49. Rd3 Ke7 50. Kf2 g6 51. Kg2 Bf5 52. Rc3 Kd6 53. Kf3
Kd5 54. g4 Kd4 55. gxf5 Kxc3 56. fxg6 hxg6 57. f5 Kd4 58. Kf4 Kd5 59. fxg6 Ke6
60. Ke4 Nxa3 61. Kd3 0-1

[Event "Olympiada sub-16 2014"]
[Site "Gyor HUN"]
[Date "2014.12.14"]
[Round "3.3"]
[White "Parkhov, Yair"]
[Black "Moller, Sophus Mechlenburg"]
[Result "1-0"]
[WhiteElo "1960"]
[BlackElo "2133"]
[PlyCount "111"]
[EventDate "2014.12.13"]
[EventType "team-swiss"]
[EventRounds "10"]
[EventCountry "HUN"]
[Source "lmi"]
[SourceDate "2014.12.15"]
[WhiteTeam "Rehovot Chess School"]
[BlackTeam "Denmark"]
[BlackTeamCountry "DEN"]

1. d4 Nf6 2. c4 g6 3. Nc3 d5 4. Bf4 Bg7 5. e3 O-O 6. Nf3 c5 7. dxc5 Qa5 8. Rc1
Rd8 9. Qb3 Na6 10. Qb5 Qxb5 11. Nxb5 dxc4 12. Bxc4 Nd5 13. Be5 Be6 14. Bxg7
Kxg7 15. c6 bxc6 16. Nbd4 Nc5 17. Ke2 Bg4 18. Nxc6 Rd7 19. Bxd5 Rxd5 20. Nxe7
Re5 21. Nc6 Rd5 22. Rhd1 Rxd1 23. Rxd1 Rc8 24. Nce5 Be6 25. Rc1 Na4 26. Rxc8
Bxc8 27. b3 Nc3+ 28. Kd2 Nxa2 29. Nc6 a6 30. Kc2 Bb7 31. Nfd4 a5 32. Nxa5 Be4+
33. Kd2 Bxg2 34. Nac6 Bxc6 35. Nxc6 Kf6 36. Kc2 Ke6 37. Kb2 Kd6 38. Kxa2 Kxc6
39. b4 g5 40. Kb3 Kb5 41. e4 g4 42. e5 h5 43. Kc3 h4 44. Kb3 h3 45. Kc3 Kb6 46.
Kc4 Kc6 47. b5+ Kb6 48. Kb4 Kb7 49. Kc5 Kc7 50. b6+ Kb7 51. Kb5 Kb8 52. Kc6 Kc8
53. b7+ Kb8 54. Kb6 g3 55. fxg3 f5 56. e6 1-0

[Event "Olympiada sub-16 2014"]
[Site "Gyor HUN"]
[Date "2014.12.14"]
[Round "3.4"]
[White "Vangsgaard, Freja"]
[Black "Gorodetzky, Matan"]
[Result "1-0"]
[WhiteElo "1801"]
[BlackElo "1751"]
[PlyCount "69"]
[EventDate "2014.12.13"]
[EventType "team-swiss"]
[EventRounds "10"]
[EventCountry "HUN"]
[Source "lmi"]
[SourceDate "2014.12.15"]
[WhiteTeam "Denmark"]
[BlackTeam "Rehovot Chess School"]
[WhiteTeamCountry "DEN"]

1. d4 e6 2. c4 Nf6 3. Nc3 Bb4 4. e3 O-O 5. Nge2 d5 6. a3 Bxc3+ 7. Nxc3 a5 8. b3
b6 9. Bb2 Bb7 10. Qc2 Qe7 11. Na4 Nc6 12. c5 Nd7 13. Rc1 f6 14. Bd3 g6 15. Bb5
Rfc8 16. Qd1 Kg7 17. O-O bxc5 18. Nxc5 Nxc5 19. Rxc5 Qd6 20. Qc2 Nd8 21. Rc1 c6
22. Be2 Ba6 23. Rxa5 Bxe2 24. Rxa8 Rxa8 25. Qxe2 e5 26. dxe5 fxe5 27. Qc2 Rc8
28. Qc5 Qc7 29. h3 Ne6 30. Qc3 d4 31. Qc4 Qd6 32. exd4 exd4 33. Re1 Kf6 34. b4
c5 35. bxc5 1-0

[Event "Olympiada sub-16 2014"]
[Site "Gyor HUN"]
[Date "2014.12.14"]
[Round "3.1"]
[White "Zhou, Jiangnan"]
[Black "Karas, Marek"]
[Result "1/2-1/2"]
[WhiteElo "2100"]
[BlackElo "2170"]
[PlyCount "62"]
[EventDate "2014.12.13"]
[EventType "team-swiss"]
[EventRounds "10"]
[EventCountry "HUN"]
[Source "lmi"]
[SourceDate "2014.12.15"]
[WhiteTeam "China"]
[BlackTeam "Slovakia West"]
[WhiteTeamCountry "CHN"]

1. d4 Nf6 2. c4 e6 3. Nc3 Bb4 4. f3 c5 5. d5 O-O 6. e4 d6 7. Nge2 b5 8. a3 Ba5
9. dxe6 fxe6 10. e5 dxe5 11. Qxd8 Rxd8 12. cxb5 a6 13. Ng3 axb5 14. Bxb5 Ba6
15. Bxa6 Rxa6 16. O-O Nc6 17. Nce4 c4 18. Be3 Nd4 19. Bg5 Kf7 20. f4 exf4 21.
Bxf4 Nxe4 22. Nxe4 Ne2+ 23. Kh1 Nxf4 24. Rxf4+ Kg8 25. Raf1 Bc7 26. R4f2 Be5
27. Nc5 Rc6 28. Ne4 Rb6 29. Rc2 Bxb2 30. a4 c3 31. Nxc3 Bxc3 1/2-1/2

[Event "Olympiada sub-16 2014"]
[Site "Gyor HUN"]
[Date "2014.12.14"]
[Round "3.2"]
[White "Doknjas, John"]
[Black "Kazakovskiy, Valeriy"]
[Result "0-1"]
[WhiteElo "2080"]
[BlackElo "2378"]
[PlyCount "86"]
[EventDate "2014.12.13"]
[EventType "team-swiss"]
[EventRounds "10"]
[EventCountry "HUN"]
[Source "lmi"]
[SourceDate "2014.12.15"]
[WhiteTeam "Canada 2"]
[BlackTeam "Belarus"]
[BlackTeamCountry "BLR"]

1. d4 Nf6 2. c4 e6 3. Nc3 Bb4 4. e3 O-O 5. Bd3 d5 6. Nge2 c5 7. cxd5 exd5 8. a3
Bxc3+ 9. bxc3 b6 10. f3 Ba6 11. Bxa6 Nxa6 12. O-O Nc7 13. Qd3 Re8 14. Ng3 Ne6
15. Bb2 Qd7 16. Rad1 Rad8 17. Rfe1 Qa4 18. e4 dxe4 19. Nxe4 Nxe4 20. Rxe4 cxd4
21. cxd4 Rd5 22. Re5 Qd7 23. Qe4 Rxe5 24. Qxe5 Nc7 25. Qf4 Nd5 26. Qd2 Qe7 27.
Rf1 h6 28. Rf2 a5 29. Rf1 Qe3+ 30. Qxe3 Rxe3 31. Rf2 Kf8 32. Kf1 Ke7 33. Rd2
Kd6 34. Kf2 Rb3 35. g3 Ne3 36. Bc1 Nc4 37. Ra2 Kd5 38. a4 Kxd4 39. Re2 Ne5 40.
Be3+ Kd5 41. Rd2+ Rd3 42. Rb2 Rxe3 43. Rb5+ Kd4 0-1

[Event "Olympiada sub-16 2014"]
[Site "Gyor HUN"]
[Date "2014.12.14"]
[Round "3.3"]
[White "Zarubitski, Viachaslau"]
[Black "Zhu, Hong Rui"]
[Result "0-1"]
[WhiteElo "2219"]
[BlackElo "2085"]
[PlyCount "120"]
[EventDate "2014.12.13"]
[EventType "team-swiss"]
[EventRounds "10"]
[EventCountry "HUN"]
[Source "lmi"]
[SourceDate "2014.12.15"]
[WhiteTeam "Belarus"]
[BlackTeam "Canada 2"]
[WhiteTeamCountry "BLR"]

1. e4 c5 2. Nf3 d6 3. d4 cxd4 4. Nxd4 Nf6 5. Nc3 g6 6. Be3 Bg7 7. f3 Nc6 8. Qd2
O-O 9. g4 Be6 10. h4 Ne5 11. O-O-O Bc4 12. Bh6 Bxf1 13. Bxg7 Kxg7 14. Rdxf1 Nc4
15. Qg5 Qb6 16. Nf5+ Kh8 17. Na4 Qc7 18. Ne3 Rac8 19. Nxc4 Qxc4 20. Nc3 Rc5 21.
Qh6 Rfc8 22. h5 g5 23. f4 Nxg4 24. Qxg5 Rxg5 25. fxg5 Kg7 26. h6+ Kg8 27. Rf4
Ne5 28. Rf2 b5 29. Rd1 Kf8 30. a3 a5 31. g6 Nxg6 32. Rdf1 f6 33. Re1 Ne5 34.
Kb1 b4 35. Na4 bxa3 36. b3 Qb4 37. Ree2 Nd3 38. Rf3 Nc5 39. Nxc5 Rxc5 40. Ka2
a4 41. e5 Rxe5 42. Rg2 Rh5 43. Rfg3 Rxh6 44. Rg4 axb3+ 45. cxb3 Qc5 46. Rc4 Qa5
47. Ra4 Qe5 48. Rag4 Rh2 49. Rg8+ Kf7 50. R8g7+ Ke6 51. Rxh2 Qxh2+ 52. Kxa3 h5
53. b4 Qc2 54. Rg8 h4 55. Rh8 Qc3+ 56. Ka4 h3 57. b5 Qc2+ 58. Ka5 h2 59. Kb6
Qg2 60. Kc7 h1=Q 0-1

[Event "Olympiada sub-16 2014"]
[Site "Gyor HUN"]
[Date "2014.12.14"]
[Round "3.1"]
[White "Sanal, Vahap"]
[Black "Petrov, Martin"]
[Result "1-0"]
[WhiteElo "2451"]
[BlackElo "2183"]
[PlyCount "65"]
[EventDate "2014.12.13"]
[EventType "team-swiss"]
[EventRounds "10"]
[EventCountry "HUN"]
[Source "lmi"]
[SourceDate "2014.12.15"]
[WhiteTeam "Turkey"]
[BlackTeam "Bulgaria"]
[WhiteTeamCountry "TUR"]
[BlackTeamCountry "BUL"]

1. e4 c5 2. Nf3 d6 3. d4 cxd4 4. Nxd4 Nf6 5. Nc3 a6 6. Bg5 Nbd7 7. Bc4 Qb6 8.
Bb3 e6 9. Qd2 Be7 10. f3 Nc5 11. Be3 Qc7 12. g4 b5 13. O-O-O Rb8 14. Kb1 b4 15.
Nce2 a5 16. g5 Nfd7 17. Ng3 Ba6 18. Ngf5 Bf8 19. Rhe1 a4 20. Bd5 Ne5 21. Bf4
exd5 22. exd5 Ncd7 23. Nc6 Rb6 24. Bg3 g6 25. f4 Rxc6 26. dxc6 gxf5 27. fxe5
Nxe5 28. Bxe5 dxe5 29. Rxe5+ Be7 30. Qd7+ Qxd7 31. Rxd7 O-O 32. Rdxe7 f4 33.
Re8 1-0

[Event "Olympiada sub-16 2014"]
[Site "Gyor HUN"]
[Date "2014.12.14"]
[Round "3.1"]
[White "Csuta, Akos Koppany"]
[Black "Giczi, Alexandra Laura"]
[Result "1-0"]
[WhiteElo "2027"]
[BlackElo "1424"]
[PlyCount "57"]
[EventDate "2014.12.13"]
[EventType "team-swiss"]
[EventRounds "10"]
[EventCountry "HUN"]
[Source "lmi"]
[SourceDate "2014.12.15"]
[WhiteTeam "Gyoer (Hungary)"]
[BlackTeam "Transdanubium 3"]

1. e4 e6 2. d4 d5 3. Nd2 c5 4. exd5 exd5 5. Ngf3 Bd6 6. dxc5 Bxc5 7. Nb3 Bb6 8.
Bb5+ Nc6 9. O-O Nge7 10. Nfd4 Bd7 11. Bg5 O-O 12. a4 h6 13. Bh4 Nxd4 14. Nxd4
Bxd4 15. Qxd4 Bxb5 16. Bxe7 Qxe7 17. axb5 Qg5 18. Rxa7 Rxa7 19. Qxa7 Qe7 20.
Qd4 Rc8 21. Qd3 Rc5 22. b3 Qe8 23. b6 Qc6 24. Ra1 g6 25. Ra8+ Kg7 26. Qd4+ f6
27. Qe3 h5 28. Qe7+ Kh6 29. h4 1-0

[Event "Olympiada sub-16 2014"]
[Site "Gyor HUN"]
[Date "2014.12.15"]
[Round "4.4"]
[White "Nova, Michaela"]
[Black "Hrescak, Ivana"]
[Result "1-0"]
[WhiteElo "2015"]
[BlackElo "2039"]
[PlyCount "93"]
[EventDate "2014.12.13"]
[EventType "team-swiss"]
[EventRounds "10"]
[EventCountry "HUN"]
[Source "lmi"]
[SourceDate "2014.12.15"]
[WhiteTeam "Czech Republic"]
[BlackTeam "Slovenia"]
[WhiteTeamCountry "CZE"]
[BlackTeamCountry "SLO"]

1. e4 c5 2. Nf3 d6 3. c4 Nf6 4. Nc3 g6 5. Be2 Bg7 6. d4 cxd4 7. Nxd4 O-O 8. Be3
Nc6 9. O-O Nd7 10. Qd2 Nde5 11. Rac1 Ng4 12. Bxg4 Bxg4 13. f3 Bd7 14. Rfd1 Ne5
15. b3 f5 16. exf5 gxf5 17. Nde2 Bc6 18. Nd5 Qd7 19. Bg5 Rae8 20. Nef4 e6 21.
a4 b6 22. Nc3 Bxf3 23. Rf1 Bc6 24. Nh5 Rf7 25. Rcd1 d5 26. cxd5 exd5 27. Nxd5
Bxd5 28. Qxd5 Qxd5 29. Rxd5 Bh8 30. Rfd1 Rff8 31. Bh6 Rf7 32. Rd8 Rfe7 33. Bg5
Re6 34. Nf4 Nf7 35. Nxe6 Nxd8 36. Nxd8 Re2 37. Nc6 Bc3 38. Nxa7 Bb4 39. Kf1 Rb2
40. Rd3 Rb1+ 41. Ke2 Re1+ 42. Kf2 Rb1 43. Be3 Be1+ 44. Kf3 Ba5 45. Nc6 Rf1+ 46.
Ke2 Re1+ 47. Kf2 1-0

[Event "Olympiada sub-16 2014"]
[Site "Gyor HUN"]
[Date "2014.12.15"]
[Round "4.2"]
[White "Kozak, Adam"]
[Black "Stefanov, Emil"]
[Result "1-0"]
[WhiteElo "2307"]
[BlackElo "2134"]
[PlyCount "87"]
[EventDate "2014.12.13"]
[EventType "team-swiss"]
[EventRounds "10"]
[EventCountry "HUN"]
[Source "lmi"]
[SourceDate "2014.12.15"]
[WhiteTeam "Hungary 2"]
[BlackTeam "Bulgaria"]
[BlackTeamCountry "BUL"]

1. d4 Nf6 2. c4 e6 3. Nc3 Bb4 4. e3 c5 5. Nge2 cxd4 6. exd4 O-O 7. a3 Be7 8.
Nf4 d5 9. cxd5 Nxd5 10. Ncxd5 exd5 11. Bd3 Nc6 12. O-O Bf6 13. Be3 g6 14. Rc1
Be6 15. Nxe6 fxe6 16. Qg4 Qe7 17. Rfe1 Qf7 18. Bb5 Rac8 19. b4 h5 20. Qd1 Ne7
21. Rxc8 Rxc8 22. Qa4 Nf5 23. Qxa7 Rf8 24. Rf1 h4 25. h3 Nxe3 26. fxe3 Qc7 27.
Qc5 Qg3 28. Rf3 Be7 29. Rxg3 Bxc5 30. Rxg6+ Kf7 31. Rh6 Be7 32. Rh7+ Kf6 33.
Rxh4 Ra8 34. Rh6+ Kf7 35. Rh7+ Kf6 36. g4 Bd6 37. Rd7 Bf8 38. a4 Bxb4 39. Rxb7
Bf8 40. h4 Bg7 41. g5+ Kg6 42. Bd3+ Kh5 43. Rxg7 Kxh4 44. Kf2 1-0

[Event "Olympiada sub-16 2014"]
[Site "Gyor HUN"]
[Date "2014.12.15"]
[Round "4.4"]
[White "Kowalski, Igor"]
[Black "Sucikova, Svetlana"]
[Result "1-0"]
[WhiteElo "2087"]
[BlackElo "1985"]
[PlyCount "74"]
[EventDate "2014.12.13"]
[EventType "team-swiss"]
[EventRounds "10"]
[EventCountry "HUN"]
[Source "lmi"]
[SourceDate "2014.12.15"]
[WhiteTeam "Poland 2"]
[BlackTeam "Slovakia 1"]

1. e4 c6 2. d4 d5 3. Nc3 dxe4 4. Nxe4 Bf5 5. Ng3 Bg6 6. Nh3 Nf6 7. Bc4 Nbd7 8.
c3 e6 9. Nf4 Nd5 10. Bxd5 exd5 11. h4 h6 12. Nxg6 fxg6 13. Qg4 Qf6 14. Bf4 Bd6
15. Bxd6 Qxd6 16. h5 O-O 17. O-O g5 18. Nf5 Qf6 19. Nxh6+ gxh6 20. Qxd7 Rf7 21.
Qg4 Re8 22. f3 Qe7 23. Rae1 Qxe1 24. Rxe1 Rxe1+ 25. Kf2 Re8 26. Qh3 Kh8 27. b3
a6 28. c4 dxc4 29. bxc4 Ref8 30. Qe6 Rf6 31. Qe5 R8f7 32. d5 cxd5 33. cxd5 Kg8
34. Ke3 Kg7 35. Kd4 b6 36. a4 Rd7 37. g3 Kf7 1-0

[Event "Olympiada sub-16 2014"]
[Site "Gyor HUN"]
[Date "2014.12.15"]
[Round "4.1"]
[White "Plenca, Jadranko"]
[Black "Taalaibekov, Tagir"]
[Result "1-0"]
[WhiteElo "2313"]
[BlackElo "2047"]
[PlyCount "75"]
[EventDate "2014.12.13"]
[EventType "team-swiss"]
[EventRounds "10"]
[EventCountry "HUN"]
[Source "lmi"]
[SourceDate "2014.12.15"]
[WhiteTeam "Croatia"]
[BlackTeam "Kyrgyzstan"]
[WhiteTeamCountry "CRO"]
[BlackTeamCountry "KGZ"]

1. e4 c5 2. Nf3 e6 3. c3 Nc6 4. d4 d5 5. exd5 exd5 6. Bb5 Bd6 7. dxc5 Bxc5 8.
O-O Nge7 9. Re1 O-O 10. Be3 Bd6 11. Nbd2 Bg4 12. Be2 Nf5 13. Nf1 Nxe3 14. Nxe3
Be6 15. Nd4 Qb6 16. Nb3 Rad8 17. Bf3 Ne5 18. Rb1 Qa6 19. a3 Nc4 20. Nd4 Bb8 21.
g3 b5 22. Bg2 Qb6 23. Qe2 Kh8 24. Rbd1 a5 25. Nb3 a4 26. Nd4 Ba7 27. Kh1 Qc5
28. f4 Rfe8 29. Qf2 g6 30. f5 Nxe3 31. fxe6 Nf5 32. exf7 Rf8 33. Qf4 Bb8 34.
Qg5 Rd6 35. Ne6 Rxe6 36. Rxe6 Ng7 37. Qf6 Bc7 38. Re8 1-0

[Event "Olympiada sub-16 2014"]
[Site "Gyor HUN"]
[Date "2014.12.16"]
[Round "5.1"]
[White "Donchenko, Alexander"]
[Black "Sibashvili, Giorgi"]
[Result "1/2-1/2"]
[WhiteElo "2523"]
[BlackElo "2387"]
[PlyCount "60"]
[EventDate "2014.12.13"]
[EventType "team-swiss"]
[EventRounds "10"]
[EventCountry "HUN"]
[Source "lmi"]
[SourceDate "2014.12.15"]
[WhiteTeam "Germany"]
[BlackTeam "Georgia"]
[WhiteTeamCountry "GER"]
[BlackTeamCountry "GEO"]

1. e4 e6 2. d4 d5 3. Nd2 c5 4. exd5 exd5 5. Ngf3 Nc6 6. Bb5 Bd6 7. dxc5 Bxc5 8.
O-O Nge7 9. Nb3 Bb6 10. Re1 O-O 11. Bg5 h6 12. Bh4 g5 13. Bg3 Nf5 14. c3 Be6
15. Bd3 Nxg3 16. hxg3 Qf6 17. Bc2 Bf5 18. Bxf5 Qxf5 19. Qd2 Rfe8 20. Nbd4 Nxd4
21. Nxd4 Qg4 22. Kf1 Bxd4 23. Qxd4 Qxd4 24. cxd4 Rac8 25. Rxe8+ Rxe8 26. Rc1
Re4 27. Rc7 Rxd4 28. Rxb7 Rd2 29. g4 d4 30. Ke1 Rc2 1/2-1/2